Fr. Conceicao Rodrigues College of Engineering

Astrophysics Stars and Galaxies (Record no. 28660)

MARC details
000 -LEADER
fixed length control field 00305nam a2200133Ia 4500
082 ## - DEWEY DECIMAL CLASSIFICATION NUMBER
Classification number 523.01
Item number ABH
100 ## - MAIN ENTRY--PERSONAL NAME
Personal name Abhyankar/ K.D.
245 ## - TITLE STATEMENT
Title Astrophysics Stars and Galaxies
260 ## - PUBLICATION, DISTRIBUTION, ETC.
Name of publisher, distributor, etc. Tata Mc Graw hill
Place of publication, distribution, etc. New Delhi
Date of publication, distribution, etc. 1992
546 ## - LANGUAGE NOTE
Language note ENGLISH
654 ## - SUBJECT ADDED ENTRY--FACETED TOPICAL TERMS
Focus term Astrophysics
942 ## - ADDED ENTRY ELEMENTS (KOHA)
Koha item type BOOK
Holdings
Withdrawn status Lost status Damaged status Not for loan Collection Home library Current library Date acquired Cost, normal purchase price Total Checkouts Full call number Barcode Date last seen Date last checked out Cost, replacement price Price effective from Koha item type
        CRC Fr. Agnel's C.Rodrigues College of Engineering Fr. Agnel's C.Rodrigues College of Engineering 17/03/2023 300.00 2 523.01 ABH 5135 03/02/2026 27/02/2025 300.00 17/03/2023 BOOK